Management: theory and Practical (Record no. 4522)

MARC details
005 - DATE AND TIME OF LATEST TRANSACTION
control field 20250620120253.0
020 ## - INTERNATIONAL STANDARD BOOK NUMBER
International Standard Book Number 93-5161-005-5
082 ## - DEWEY DECIMAL CLASSIFICATION NUMBER
Classification number 658.3GUP
100 ## - MAIN ENTRY--PERSONAL NAME
Author name GUPTA. C. B
245 ## - TITLE STATEMENT
Title Management: theory and Practical
250 ## - EDITION STATEMENT
Edition statement 1st Ed.
260 ## - PUBLICATION, DISTRIBUTION, ETC.
Place of publication, distribution, etc. New Delhi,
Name of publisher, distributor, etc. CHAND. S,
Date of publication, distribution, etc. 1990.
300 ## - PHYSICAL DESCRIPTION
Extent xxix, 56.4p,; figure, table & picture
Other physical details Bibliography & Indexes
Dimensions 24cm
942 ## - ADDED ENTRY ELEMENTS (KOHA)
Source of classification or shelving scheme Dewey Decimal Classification
Koha item type Books
Holdings
Date last seen Total checkouts Full call number Barcode Cost, replacement price Price effective from Koha item type Lost status Source of classification or shelving scheme Damaged status Not for loan Withdrawn status Home library Current library Shelving location Date acquired Cost, normal purchase price
06/20/2025   658.3GUP DOM0003561 85500.00 06/20/2025 Books   Dewey Decimal Classification       CBE Dodoma CBE Dodoma Special Reserve Collection 07/24/2017 28500.00